Analýza efektívnosti výroby v konkrétnom podniku záverečná práca postgraduálneho štúdia

Na minha lista:
Detalhes bibliográficos
Autor principal: Slota, Peter
Autor Corporativo: Vysoká škola ekonomická v Bratislave
Outros Autores: Kupkovič, Milan
Formato: Livro
Idioma:eslovaco
Publicado em: Bratislava 1987
Tags: Adicionar Tag
Sem tags, seja o primeiro a adicionar uma tag!

MARC

LEADER 00000nam a2200000 4500
001 c039071
005 20230116091336.9
041 0 |a slo 
044 |a SK 
245 1 0 |a Analýza efektívnosti výroby v konkrétnom podniku  |b záverečná práca postgraduálneho štúdia  |c Peter Slota ; Ved. práce Milan Kupkovič 
264 1 |a Bratislava  |c 1987 
300 |a 34 s. 
100 1 |a Slota, Peter 
700 1 |a Kupkovič, Milan 
710 2 |a Vysoká škola ekonomická v Bratislave